№ 4 (33); Научный вестник НГТУ

Chi tiết về thư mục
Parent link:Научный вестник НГТУ: [сборник статей]/ Новосибирский государственный технический университет. № 4 (33).— , 1998-2020
Tác giả khác: Востриков А. С. Анатолий Сергеевич
Ngôn ngữ:Tiếng Nga
Được phát hành: 2008
Những chủ đề:
Định dạng: Sách
KOHA link:https://koha.lib.tpu.ru/cgi-bin/koha/opac-detail.pl?biblionumber=151103

MARC

LEADER 00000nam2a2200000 4500
001 151103
005 20231101221534.0
035 |a (RuTPU)RU\TPU\book\163837 
090 |a 151103 
100 |a 20090119d2008 k y0rusy50 ca 
101 0 |a rus 
102 |a RU 
105 |a a z 001zy 
200 0 |a № 4 (33)  |f гл. ред. А. С. Востриков 
210 |d 2008 
215 |a 208 с.  |c ил. 
320 |a Библиография в конце статей 
461 1 |0 (RuTPU)RU\TPU\book\44599  |t Научный вестник НГТУ  |o [сборник статей]  |f Новосибирский государственный технический университет  |v № 4 (33)  |d 1998-2020 
606 1 |a Технические системы  |x Автоматика  |2 stltpush  |3 (RuTPU)RU\TPU\subj\67451  |9 83244 
610 1 |a автоматика 
610 1 |a процессы 
610 1 |a устройства 
610 1 |a моделирование 
610 1 |a информационные технологии 
610 1 |a электромеханика 
610 1 |a электроэнергетика 
610 1 |a электрооборудование 
610 1 |a материаловедение 
675 |a 681.51  |v 4 
702 1 |a Востриков  |b А. С.  |g Анатолий Сергеевич  |4 651 
801 1 |a RU  |b 63413507  |c 20090119  |g PSBO 
801 2 |a RU  |b 63413507  |c 20211126  |g PSBO 
942 |c BK